Изучение кинетики процесса образования тонких пассирующих слоев при электрорастворении металла; Электрохимические методы анализа

Bibliographische Detailangaben
Parent link:Электрохимические методы анализа.— 1989.— С. 96-97
1. Verfasser: Земан Л. П. Людмила Петровна
Weitere Verfasser: Мазур Л. П., Назаров Б. Ф. Борис Федорович
Sprache:Russisch
Veröffentlicht: 1989
Schlagworte:
Format: MixedMaterials Buchkapitel
KOHA link:https://koha.lib.tpu.ru/cgi-bin/koha/opac-detail.pl?biblionumber=250384

MARC

LEADER 00000naa2a2200000 4500
001 250384
005 20231031213133.0
035 |a (RuTPU)RU\TPU\book\272573 
035 |a RU\TPU\tpu\12228 
090 |a 250384 
100 |a 20140212d1989 k y0rusy50 ca 
101 0 |a rus 
102 |a RU 
200 1 |a Изучение кинетики процесса образования тонких пассирующих слоев при электрорастворении металла  |f Л. П. Земан, Л. П. Мазур, Б. Ф. Назаров 
463 0 |0 (RuTPU)RU\TPU\book\270153  |t Электрохимические методы анализа  |o тезисы III Всесоюзной конференции по электрохимическим методам анализа  |v С. 96-97  |d 1989  |p 482 с. 
610 1 |a металлы 
610 1 |a электрорастворение 
610 1 |a пассирующие слои 
610 1 |a кинетика процессов 
610 1 |a труды учёных ТПУ 
700 1 |a Земан  |b Л. П.  |c химик  |c научный сотрудник Томского политехнического университета  |f 1947-  |g Людмила Петровна  |2 stltpush  |3 (RuTPU)RU\TPU\pers\31805 
701 1 |a Мазур  |b Л. П. 
701 1 |a Назаров  |b Б. Ф.  |c химик-технолог  |c старший научный сотрудник Томского политехнического университета, кандидат химических наук  |f 1940-  |g Борис Федорович  |2 stltpush  |3 (RuTPU)RU\TPU\pers\27250 
801 1 |a RU  |b 63413507  |c 20050601  |g PSBO 
801 2 |a RU  |b 63413507  |c 20140212  |g PSBO 
942 |c BK